| 000 | 00587nam a2200193 4500 | ||
|---|---|---|---|
| 001 | 175944 | ||
| 003 | ES-MaACL | ||
| 005 | 20230906215941.0 | ||
| 008 | 101201s1988 sp c |||| | spa d | ||
| 020 | _a84-404-2948-7 | ||
| 080 | _a821-134.2-14"19" | ||
| 100 | 1 |
_aMorales Escudero, Manuel Ángel. _9144147 |
|
| 245 | 1 | 0 |
_aPoemas / _cManuel Ángel Morales Escudero. |
| 260 |
_aPonferrada : _bSeja, _c1988 ( _fAlonso) |
||
| 300 |
_a30 p. : _b1 retr., il. ; _c23 cm. |
||
| 594 | _aIlustraciones, Salomé de Paz. | ||
| 700 | 1 |
_aPaz, Salomé de. _9144150 |
|
| 852 |
_aES-MaACL _j2304-F-10 |
||
| 999 |
_c175944 _d175944 |
||